| 000 | 00000nam 2200000zi 4500 |
| 001 | 9.867816 |
| 003 | CaOODSP |
| 005 | 20241203113645 |
| 006 | m o d f |
| 007 | cr nn||||||||| |
| 008 | 190131s1987 onca ob f000 0 eng d |
| 040 | |aCaOODSP|beng|erda|cCaOODSP |
| 041 | |aeng|bfre |
| 043 | |an-cn--- |
| 086 | 1 |aEn13-5/87-37E-PDF |
| 100 | 1 |aNovakowski, Kent S., |eauthor. |
| 245 | 10|aField investigations of the nature of water-table response to precipitation in shallow water-table environments / |cKentner S. Novakowski, Robert W. Gillham. |
| 264 | 1|aBurlington, Ontario : |bNational Water Research Institute, Environment Canada, |c[1987] |
| 300 | |a1 online resource (10 pages, 9 unnumbered pages) : |billustrations. |
| 336 | |atext|btxt|2rdacontent |
| 337 | |acomputer|bc|2rdamedia |
| 338 | |aonline resource|bcr|2rdacarrier |
| 490 | 1 |aNWRI contribution ; |v87-37 |
| 500 | |a"Control no. ECD-133." |
| 500 | |a"This report has been submitted to the Journal of Hydrology for publication. This copy is to provide information prior to publication." |
| 500 | |a"Technical note for submission to Water Resources Research." |
| 500 | |aDigitized edition from print [produced by Environment and Climate Change Canada]. |
| 504 | |aIncludes bibliographical references. |
| 520 | 3 |a"This paper briefly describes the results of a number of field experiments conducted to prove the influence of the capillary fringe in shallow-water-table environments. The results indicate that the influence is substantial and locally widespread although probably of little importance outside certain low-lying and geologically-complex ground water discharge zones, Possible of some significance in terms of ground water contamination in these discharge zones"--Management perspective. |
| 546 | |aIncludes management perspective and abstract in French. |
| 692 | 07|2gccst|aPrecipitation |
| 692 | 07|2gccst|aGroundwater |
| 700 | 1 |aGillham, R. W., |eauthor. |
| 710 | 1 |aCanada. |bEnvironment Canada. |
| 710 | 2 |aNational Water Research Institute (Canada) |
| 830 | #0|aNWRI contribution ;|v87-37.|w(CaOODSP)9.844121 |
| 856 | 40|qPDF|s1.14 MB|uhttps://publications.gc.ca/collections/collection_2019/eccc/En13-5-87-37-eng.pdf |